|
|
|
|
| LEADER |
00944pam a22002898a 4500 |
| 001 |
00018111 |
| 008 |
110424s2010 ||||||Viesd |
| 005 |
20171026081022.0 |
| 041 |
0 |
# |
|a Vie
|
| 082 |
1 |
4 |
|a 306.095 975 8
|b V115H
|
| 100 |
0 |
# |
|a Sử Văn Ngọc
|
| 245 |
0 |
0 |
|a Văn hóa làng truyền thống người Chăm tỉnh Ninh Thuận
|c Sử Văn Ngọc
|
| 260 |
# |
# |
|a H.
|b Dân trí
|c 2010
|
| 300 |
# |
# |
|a 260 tr.
|c 21 cm.
|
| 500 |
# |
# |
|a Sách nhà nước tài trợ
|
| 500 |
# |
# |
|a ĐTTS ghi : Hội văn nghệ dân gian Việt Nam
|
| 504 |
# |
# |
|a Thư mục : Tr. 257 - 258
|
| 650 |
# |
4 |
|a Văn hóa dân gian
|
| 653 |
# |
# |
|a Người Chăm
|
| 653 |
# |
# |
|a Ninh Thuận
|
| 653 |
# |
# |
|a Việt Nam
|
| 852 |
# |
# |
|b Kho đọc
|j KD.0003482
|
| 852 |
# |
# |
|j KD.0003482
|
| 910 |
|
|
|d 24/04/2011
|
| 980 |
# |
# |
|a Trung tâm Học liệu Lê Vũ Hùng, Trường Đại học Đồng Tháp
|